000 00374nam a2200157 i 4500
001 bg
100 1 _aJurczak, Emanuel.
245 0 _aObrabiarki /
_cE. Jurczak, Z. Jaworski.
250 _aWyd.2.
260 _aWarszawa,
_c1985.
700 1 _aJaworski, Zbigniew
_c(mechanika).
040 _cBPK
041 _apol
942 _cKS
008 s pl f |000 0 pol
999 _c2780
_d2780
856 _uhttp://koha.tu.koszalin.pl/cgi-bin/koha/opac-detail.pl?biblionumber=2780
_yKatalog online BPK